000 00719nam a2200217 i 4500
003 DO-SdBNP
005 20240605150016.0
007 ta
008 211026e2018 dr aoddfr|||| 001 0 spa d
040 _aDO-SdBNP
_bspa
_cBNPHU
_erda
082 4 _222
_bG943e
245 1 0 _aGuía de exportación :
_bsúmate a la cultura de exportación /
264 _asanto Domingo :
_bADOEXPO,
_c2018
300 _a100 páginas :
_bilustraciones, fotografías, gráficas, mapas ;
_c30 cm.
336 _2rdacontent
_atexto
_btxt
337 _2rdamedia
_asin mediación
_bn
338 _2rdacarrire
_avolumen
_bnc
590 _aInventariado 2024 / MF
710 2 _964010
_aAsociación Dominicana de Exportadores ( ADOEXPO)
942 _2ddc
_cLBS1
999 _c50811
_d50811